Pulsar Astrophysics the Next Fifty Years (Record no. 22046)

MARC details
000 -LEADER
fixed length control field 00915nam a2200229Ia 4500
003 - CONTROL NUMBER IDENTIFIER
control field IN-BaIIA
008 - FIXED-LENGTH DATA ELEMENTS--GENERAL INFORMATION
fixed length control field 211028s9999 xx s 000 0 eng d
020 ## - INTERNATIONAL STANDARD BOOK NUMBER
International Standard Book Number 978-1-107-19253-9 (Print)
022 ## - INTERNATIONAL STANDARD SERIAL NUMBER
International Standard Serial Number 1743-9213 (Print)
022 ## - INTERNATIONAL STANDARD SERIAL NUMBER
International Standard Serial Number 1743-9221 (Online)
040 ## - CATALOGING SOURCE
Transcribing agency IIA Library
100 ## - MAIN ENTRY--PERSONAL NAME
Personal name Weltevrede, P., ed.
9 (RLIN) 40727
245 #0 - TITLE STATEMENT
Title Pulsar Astrophysics the Next Fifty Years
Medium [eBook]
260 ## - PUBLICATION, DISTRIBUTION, ETC.
Place of publication, distribution, etc. Cambridge
Name of publisher, distributor, etc. Cambridge University Press
Date of publication, distribution, etc. 2018
300 ## - PHYSICAL DESCRIPTION
Extent Online resource
490 ## - SERIES STATEMENT
Series statement IAU Symposium; no. 337
700 ## - ADDED ENTRY--PERSONAL NAME
Personal name Pereda, B. B. P., ed.
9 (RLIN) 40728
700 ## - ADDED ENTRY--PERSONAL NAME
Personal name Preston, L. L., ed.
9 (RLIN) 40729
700 ## - ADDED ENTRY--PERSONAL NAME
Personal name Sanidas, S., ed.
9 (RLIN) 40730
856 ## - ELECTRONIC LOCATION AND ACCESS
Uniform Resource Identifier <a href="https://www.cambridge.org/core/journals/proceedings-of-the-international-astronomical-union/issue/6F74DF05D124699248FDAA0CD7EDA165">https://www.cambridge.org/core/journals/proceedings-of-the-international-astronomical-union/issue/6F74DF05D124699248FDAA0CD7EDA165</a>
Link text Click Here to Access eBook
942 ## - ADDED ENTRY ELEMENTS (KOHA)
Koha item type eBooks
Holdings
Withdrawn status Lost status Damaged status Not for loan Home library Current library Date acquired Source of acquisition Total Checkouts Barcode Date last seen Uniform Resource Identifier Price effective from Koha item type
        IIA Library-Bangalore IIA Library-Bangalore 01/04/2014 CUP   EB1506 05/11/2021 https://www.cambridge.org/core/journals/proceedings-of-the-international-astronomical-union/issue/6F74DF05D124699248FDAA0CD7EDA165 05/11/2021 eBooks

Powered by Koha